| 000 | 00000nam##2200000za#4500 |
| 001 | 9.693525 |
| 003 | CaOODSP |
| 005 | 20250319162509 |
| 007 | cr ||||||||||| |
| 008 | 150407|2002||||xxc|||||o f|0| 0 eng|d |
| 040 | |aCaOODSP|beng |
| 043 | |an-cn--- |
| 086 | 1 |aA22-263/2002E-PDF |
| 110 | 1 |aCanada. |bAgriculture and Agri-Food Canada. |
| 245 | 10|aSafety net review / |h[electronic resource]|cPrepared by the Federal/Provincial Safety Net Working Group. |
| 260 | |aOttawa - Ontario : |bAgriculture and Agri-Food Canada |c2002. |
| 300 | |a177p.|bgraphs, tables |
| 590 | |a10-05-Supp|b2010-07-20 |
| 690 | 07|aAgricultural assistance|2gcpds |
| 690 | 07|aIncome security|2gcpds |
| 690 | 07|aProgram assessment|2gcpds |
| 775 | 08|tExamen des programmes de protection du revenu / |w(CaOODSP)9.637703 |
| 776 | 0#|tSafety net review / |w(CaOODSP)9.648580 |
| 856 | 40|ahttp://publications.gc.ca|qPDF|s3191 KB|uhttps://publications.gc.ca/collections/Collection/A22-263-2002E.pdf |